000 01762cam a22002775a 4500
001 L158936
008 151016s2015 xxk f 000 0 eng d
020 _a9781409846949
035 _a(Sirsi) u158936
041 0 _aeng
110 2 _aUnited Kingdom
_bDepartment for Communities and Local Government
_94939
245 0 0 _aRetaliatory eviction and the Deregulation Act 2015
_h[electronic resource]
260 _aLondon
_bDCLG
_c2015
520 _aExplains how tenants entering into assured shorthold tenancies on or after 1 Oct 2015 are protected against retaliatory eviction for six months after making a legitimate complaint about their property to local authorities and how landlords are required to carry out the repair. Outlines complaints procedure through a simple flow chart diagram. Outlines procedures open to landlords to gain access to private rented property under Sections 8 and 21 (using the prescribed Standard Form 6A) . Landlords are required to provide tenants with a valid Energy Performance Certificate and Gas Safety Certificate and a copy of DCLG's "How to rent: the checklist for renting in England" in order to be serve a valid S21 notice. Measures introduced by Deregulation Act 2015, effective from 1 October 2015.
650 2 4 _aPROTECTION FROM EVICTION
650 2 4 _aPRIVATE RENTED SECTOR
650 2 4 _aS21 NOTICES
650 2 4 _aS8 NOTICES
650 2 4 _aREPAIRS
650 2 4 _aDEREGULATION ACT 2015
651 4 _aEngland
_y886-
690 _aLandlord and tenant
_96252
690 _aResidential property
_96266
856 4 0 _uhttps://www.gov.uk/government/uploads/system/uploads/attachment_data/file/465275/Retaliatory_Eviction_Guidance_Note.pdf
_zView the item free of charge from the www.www.gov.uk website
942 _n0
999 _c115595
_d115595